| 000 | 00569nam a2200193 i 4500 | ||
|---|---|---|---|
| 001 | 67007 | ||
| 003 | ES-MaACL | ||
| 005 | 20251009172725.0 | ||
| 007 | t| | ||
| 008 | 040430s1997 sp ||||1| spa d | ||
| 080 | _a929 Gallego Morell, Antonio | ||
| 080 | _a012 Gallego Morell, Antonio | ||
| 245 | 0 | 0 | _aCurriculum vitae y bibliografía de Antonio Gallego Morell. |
| 260 |
_aGranada : _b[s.n.], _c1997. |
||
| 300 |
_a63 p. ; _c22 cm. |
||
| 600 | 0 | 4 |
_aGallego Morell, Antonio, _d1923-2009 _953576 |
| 852 |
_aES-MaACL _j2169-F-2 _bR.126034 |
||
| 999 |
_c67007 _d67007 |
||